00250nam a2200097Ia 4500008004100000100002400041245004000065260002300105942000700128999001700135190216s9999||||xx |||||||||||||| ||und|| aKrishan Warrier N V 0aVyavasayika Karbanika Resathanthram bAnmol Publications cBK c39119d39119